| 000 | 00684nam a2200205Ii 4500 | ||
|---|---|---|---|
| 003 | JO-AjNU | ||
| 008 | 230605s9999||||xx |||||||||||||| ||und|| | ||
| 017 | _a1355 | ||
| 040 |
_aJO-AjNU _bara _erda _cJO-AjNU |
||
| 041 | _aara | ||
| 050 | 1 | 4 | _aQB981.B7412 |
| 100 | 3 |
_aتاليف بريجز؛ ترجمة نهاد العبيدي ؛مراجعة قدامة الملاح , _eauthor _918732 |
|
| 245 | 0 | 0 | _aالكون والمراة |
| 264 | 3 | 1 | _aالموصل:وزارة التعليم العالي ،د.ت |
| 300 | _a220ص | ||
| 336 |
_atext _btxt _2rdacontent |
||
| 337 |
_aunmediated _bn _2rdamedia |
||
| 338 |
_avolume _bnc _2rdacarrier |
||
| 650 | 4 |
_aالكون والمراه _918733 |
|
| 999 |
_aA6047 _c9615 _d9615 |
||